Вып. 55; Электротермия

Бібліографічні деталі
Parent link:Электротермия: научно-технический сборник/ Центральный институт научно-технической информации электротехнической промышленности и приборостроения (ЦИНТИЭлектропром). Вып. 55.— , 1961, 1967-1969
Мова:Російська
Опубліковано: 1967
Формат: Книга
KOHA link:https://koha.lib.tpu.ru/cgi-bin/koha/opac-detail.pl?biblionumber=504539

MARC

LEADER 00000nam2a2200000 4500
001 504539
005 20231101102814.0
035 |a (RuTPU)RU\TPU\prd\175356 
035 |a RU\TPU\prd\175355 
090 |a 504539 
100 |a 20130416b1967 k y0rusy50 ca 
101 0 |a rus 
102 |a RU 
200 0 |a Вып. 55 
210 |d 1967 
461 1 |0 (RuTPU)RU\TPU\prd\1041  |t Электротермия  |o научно-технический сборник  |f Центральный институт научно-технической информации электротехнической промышленности и приборостроения (ЦИНТИЭлектропром)  |v Вып. 55  |d 1961, 1967-1969 
801 0 |a RU  |b 63413507  |c 20010227  |g PSBO 
801 1 |a RU  |b 63413507  |c 20130416 
801 2 |a RU  |b 63413507  |c 20130416  |g RCR 
942 |c BK 
999 |a НТБ_ТПУ  |b НФ  |e -4/20130109  |p П-6827  |u 0,00  |v 1